000 00427nam a2200169 a 4500
001 0000-9274
003 ELIB.Books
008 110520 1973
035 _a(ELIB.Books)0000-9426
082 _a270
_bEdw
100 _aEdwards, David L.
245 _aWhat is real in Christianity?
260 _bLondon: Fontana Books
_c1973
650 _aChurch History
942 _2ddc
_cBK
998 _cbat
_e2011-05-20
999 _c9274
_d9274